Opinion of Sir Alfred Hopkinson as to the rights of persons of Hungarian nationality entitled to property in territories formerly belonging to Hungary and which now form part of the Territory of Jugo-Slavia

Elmentve itt :
Bibliográfiai részletek
Szerző: Hopkinson Alfred
Dokumentumtípus: Cikk
Megjelent: 1927
Sorozat:Kolligátum
Kulcsszavak:Kisebbség - magyar - Jogoszlávia, Kisebbségi jogok
Online Access:http://misc.bibl.u-szeged.hu/23486
LEADER 00739nab a2200169 i 4500
001 misc23486
005 20191111110510.0
008 170804s1927 hu o 0|| zxx d
040 |a SZTE Miscellanea Repozitórium  |b hun 
041 |a zxx 
100 1 |a Hopkinson Alfred 
245 1 0 |a Opinion of Sir Alfred Hopkinson as to the rights of persons of Hungarian nationality entitled to property in territories formerly belonging to Hungary and which now form part of the Territory of Jugo-Slavia  |h [elektronikus dokumentum] /  |c  Hopkinson Alfred 
260 |c 1927 
300 |a 1-11 
490 0 |a Kolligátum 
695 |a Kisebbség - magyar - Jogoszlávia, Kisebbségi jogok 
856 4 0 |u http://misc.bibl.u-szeged.hu/23486/1/87591_001-011.pdf  |z Dokumentum-elérés